Statistics for Islands of Oceania, by Population

Click here to take the quiz!

General Stats

  • This quiz has been taken 29 times
  • The average score is 12 of 15

Answer Stats

AnswerPopulationCountry% Correct
New Guinea14,800,000Papua New Guinea, Indonesia
100%
North Island3,896,200New Zealand
100%
South Island1,187,300New Zealand
100%
Tasmania507,626Australia
96%
New Caledonia247,669France
92%
Guam160,000United States
83%
Hawai'i190,821United States
79%
Tahiti178,133France
79%
Oahu976,372United States
75%
New Britain513,926Papua New Guinea
71%
Bougainville234,280Papua New Guinea
67%
New Ireland194,067Papua New Guinea
63%
Viti Levu661,997Fiji
63%
Guadalcanal158,222Solomon Islands
58%
Upolu147,629Samoa
25%

Score Distribution

Percentile by Number Answered

Percent of People with Each Score

Your Score History

You have not taken this quiz